HSC Modern History | WW1 - Statistics

General Stats
  • This quiz has been taken 286 times
  • The average score is 6 of 17
Answer Stats
Hint Answer % Correct
Land between the opposing trenches No Man's Land
90%
The Somme
87%
Three Major Battles Verdun
71%
Took over traditional Male roles during Total War Women
66%
Compulsory Enlistment in Army Conscription
53%
Woodrow Wilson
48%
The "Race" that created the Stalemate Race to the Sea
35%
David Lloyd George
29%
Hiding Information from Public Censorship
23%
Passchendale
23%
Ludendorff's last ditch effort to win war Spring Offensives
21%
Main Total War Implementation in Britain Defence of the Realm Act (DORA)
5%
Entry of USA
5%
Two Major Turning Points Russian Withdrawal
5%
Big Three Leaders at Versailles Georges Clemanceau
3%
Major Factor in Above Zimmerman Telegram
2%
Big Push that won War Allied Counter Attack
1%
No matching quizzes found
Score Distribution
Percent of People with Each Score
Percentile by Number Answered
Your Score History
You have not taken this quiz